• 首页
  • 本馆介绍
  • 公告通知
  • 最新文献
  • 馆藏检索
  • 电子资源
  • 读者导购
  • 参考咨询
  • 我的图书馆
  • 登录
  • 详细信息显示
  • 放入我的书架
  • 预约/预借图书
  • 作者相关作品
  • 分类相关作品
  • 丛书相关作品
  • 出版社相关作品

书目信息

  • 表格格式
  • 工作单格式
  • 卡片格式
题名:
国家蓝色碳汇研究报告
    
 
作者: 胡学东 主编
分册:  
出版信息: 北京   中国书籍出版社  2020.06
页数: 132页
开本: 24cm
丛书名:
单 册:
中图分类: P7
科图分类:
主题词: 海洋--hai yang--二氧化碳--资源管理--研究报告--中国
电子资源:
ISBN: 978-7-5068-7837-1
000 01278nam0 2200253 450
001 0106081855
005 20201106082046.0
010    @a978-7-5068-7837-1@dCNY48.00
100    @a20200911d2020 em y0chiy50 ea
101 0  @achi
102    @aCN@b110000
105    @aak az 000yy
106    @ar
200 1  @a国家蓝色碳汇研究报告@Aguo jia lan se tan hui yan jiu bao gao@e国家蓝碳行动可行性研究@f胡学东主编
210    @a北京@c中国书籍出版社@d2020.06
215    @a132页@c图@d24cm
320    @a有书目(第119-132页)
330    @a本书是在2016年原国家海洋局成立“蓝碳工作组”的背景下,按上级要求,邀请了业内专家学者,经过反复讨论,论证,组织力量,研究编写的。该书稿是关于蓝碳的汇总梳理,展示了国内跨行业蓝碳科研的进展,产业发展的进程。全书共七个章节,从行业背景、现状、计量、监测以及中国的蓝碳实力和潜力,层层递进进行阐述,专业性很强。全稿从2016年至今,时间过长,无论是文字、符号等编辑加工上,还是语言逻辑,表达上,都有不少不准确的使用,已经修改,另外,由于多人编写,存在风格不一致的情况,已经做了调整。
517 1  @a国家蓝碳行动可行性研究@Aguo jia lan tan xing dong ke xing xing yan jiu
606 0  @a海洋@Ahai yang@x二氧化碳@x资源管理@x研究报告@y中国
690    @aP7@v5
701  0 @a胡学东@Ahu xue dong@4主编
801  0 @aCN@bBJSZM@c20201106
905    @b1193620-3@dP7@e116@f4
    
    国家蓝色碳汇研究报告:国家蓝碳行动可行性研究/胡学东主编.-北京:中国书籍出版社,2020.06
    132页:图;24cm
    
    
    ISBN 978-7-5068-7837-1:CNY48.00
    本书是在2016年原国家海洋局成立“蓝碳工作组”的背景下,按上级要求,邀请了业内专家学者,经过反复讨论,论证,组织力量,研究编写的。该书稿是关于蓝碳的汇总梳理,展示了国内跨行业蓝碳科研的进展,产业发展的进程。全书共七个章节,从行业背景、现状、计量、监测以及中国的蓝碳实力和潜力,层层递进进行阐述,专业性很强。全稿从2016年至今,时间过长,无论是文字、符号等编辑加工上,还是语言逻辑,表达上,都有不少不准确的使用,已经修改,另外,由于多人编写,存在风格不一致的情况,已经做了调整。
●
相关链接 在E读中查询图书 在五车中查询图书 在当当中查询图书 在豆瓣中查询图书


正题名:国家蓝色碳汇研究报告     索取号:P7/116         预约/预借

序号 登录号 条形码 馆藏地/架位号 状态 备注
1 1193620   211936208   第二样本阅览室/ [索取号:P7/116] 在馆    
2 1193621   211936217   第三借阅区/ [索取号:P7/116] 在馆    
3 1193622   211936226   第三借阅区/ [索取号:P7/116] 在馆    
4 1193623   211936235   第三借阅区/ [索取号:P7/116] 在馆    
唐山师范学院图书馆 欢迎您!
大连网信软件有限公司© 版权所有